Finanzas con Excel
| Main Authors: | , |
|---|---|
| Format: | Section = Libro |
| Language: | Undetermined Spanish |
| Published: |
España
México
2004
|
| Edition: | 2a.ed |
| Subjects: |
| LEADER | 00664nam a2200241Ia 4500 | ||
|---|---|---|---|
| 008 | 240830s9999 xx 000 0 und d | ||
| 020 | |a 84-481-2934-2 | ||
| 040 | |a B-ESTELÍ- RUACS / 005.369 H412 | ||
| 041 | |a spa | ||
| 082 | |a 005.369 H412 | ||
| 100 | 1 | |a Hayat Benkirane, Sovad | |
| 100 | 1 | |b López, Antonio San Millán | |
| 245 | 1 | 0 | |a Finanzas con Excel |
| 250 | |a 2a.ed | ||
| 260 | |a España |b México |c 2004 | ||
| 300 | |a 434 p. :il | ||
| 650 | 7 | |a PROGRAMAS ESPECIFICOS - EXCEL - FINANZAS | |
| 650 | 7 | |b FUNCIONES FINANCIERAS | |
| 650 | 7 | |c MODELOS FINANCIEROS | |
| 650 | 7 | |d ANÁLISISI DE PRÉSTAMOS | |
| 942 | |c BK |2 ddc | ||
| 991 | |a TEXTO | ||
| 999 | |c 10576 | ||